00354 a2200121 4500001001000000005001700010008004100027245003700068100002200105700003800127773005000165999001700215ART_5149920260410161843.0260409a 10aMilitares: régimen de ascensos1 aTorres, Ismael F.1 aFuria de Torres, Lilian Alicia G.0 tRAPg- Año 42, N° 494 (nov. 2019)wREV5941 c24305d24305